Statistics for Five Closest Countries to London by Continent

Click here to take the quiz!

General Stats

  • This quiz has been taken 4,993 times
  • The average score is 22 of 28

Answer Stats

HintDistanceCountry% Correct
North America3,709 kmCanada
98%
Europe / North America / South America138 km / 6,616 km / 7,048 kmFrance
97%
North America4,760 kmUnited States
97%
Europe191 kmBelgium
93%
Europe431 kmIreland
93%
Europe242 kmNetherlands
93%
South America7,054 kmBrazil
92%
Africa1.785 kmMorocco
91%
Africa1,653 kmAlgeria
89%
Europe420 kmGermany
88%
Africa1,751 kmTunisia
88%
Asia2,393 kmTurkey
88%
South America7,085 kmSuriname
85%
Africa2,250 kmLibya
84%
South America7,205 kmGuyana
83%
South America7,150 kmVenezuela
83%
Asia3,105 kmGeorgia
76%
Africa2,790 kmMauritania
73%
Asia3,324 kmSyria
72%
Oceania12,109 kmPalau
69%
Asia3,160 kmCyprus
68%
Oceania13,492 kmPapua New Guinea
66%
Oceania12,798 kmMarshall Islands
65%
Oceania12,144 kmMicronesia
65%
Oceania14,044 kmKiribati
64%
Asia3,264 kmKazakhstan
57%
North America6,627 kmSt. Kitts and Nevis
56%
North America6,567 kmAntigua and Barbuda
53%

Score Distribution

Percentile by Number Answered

Percent of People with Each Score

Your Score History

You have not taken this quiz